ATTITUDES OF GREEK PHYSICAL EDUCATION TEACHERS TOWARDS INCLUSION OF STUDENTS WITH DISABILITIES IN PHYSICAL EDUCATION CLASSES (Record no. 300457)
[ view plain ]
| 000 -LEADER | |
|---|---|
| fixed length control field | 00651nam a2200133Ia 4500 |
| 008 - FIXED-LENGTH DATA ELEMENTS--GENERAL INFORMATION | |
| fixed length control field | 160809s9999 xx 000 0 und d |
| 100 ## - MAIN ENTRY--PERSONAL NAME | |
| Personal name | Evaggelinou, Doulkeridou A. |
| 245 ## - TITLE STATEMENT | |
| Title | ATTITUDES OF GREEK PHYSICAL EDUCATION TEACHERS TOWARDS INCLUSION OF STUDENTS WITH DISABILITIES IN PHYSICAL EDUCATION CLASSES |
| 245 ## - TITLE STATEMENT | |
| Statement of responsibility, etc | Doulkeridou A,Evaggelinou C., Mouratidou K.Koidou E.Panagiotou A. Kudlacek M Aristotle University of Thessaloniki, Palacky University Czech Republic . |
| 260 ## - PUBLICATION, DISTRIBUTION, ETC. (IMPRINT) | |
| Name of publisher, distributor, etc | International Journal of Special Education |
| 260 ## - PUBLICATION, DISTRIBUTION, ETC. (IMPRINT) | |
| Date of publication, distribution, etc | 2011 |
| 650 ## - SUBJECT ADDED ENTRY--TOPICAL TERM | |
| General subdivision | SPECIAL EDUCATION |
| 856 ## - ELECTRONIC LOCATION AND ACCESS | |
| Uniform Resource Identifier | <a href="http://www.internationaljournalofspecialed.com/issues.php">http://www.internationaljournalofspecialed.com/issues.php</a> |
| Withdrawn status | Lost status | Damaged status | Home library | Current library | Date acquired | Total Checkouts | Date last seen | Price effective from | Koha item type |
|---|---|---|---|---|---|---|---|---|---|
| College Library | College Library | 08/09/2016 | 08/09/2016 | 08/09/2016 | Foreign e-journal articles |